[Event "Leon"]
[Site "Leon"]
[Date "1995.??.??"]
[Round "8"]
[White "De la Villa Garcia, Jesus Maria"]
[Black "Bareev, Evgeny"]
[Result "1/2-1/2"]
[WhiteElo "2490"]
[BlackElo "2675"]
[Annotator "Hecht,H"]
[PlyCount "85"]
[EventDate "1995.05.??"]
[EventType "tourn"]
[EventRounds "9"]
[EventCountry "ESP"]
[EventCategory "14"]
[SourceTitle "CBM 048"]
[Source "ChessBase"]
[SourceDate "1995.10.01"]
[SourceVersion "1"]
[SourceVersionDate "1995.10.01"]
[SourceQuality "1"]

1. e4 {Romero Holmes} e6 2. d4 d5 3. Nc3 Bb4 4. e5 Ne7 5. Bd2 c5 6. a3 Bxc3 7.
Bxc3 b6 8. Qg4 O-O 9. Nf3 Ba6 10. Bxa6 Nxa6 11. Bd2 cxd4 12. Bg5 Qc7 13. Bxe7
Qxe7 14. Nxd4 Rac8 15. O-O {[#]} Nb8 16. c3 Nc6 17. Nf3 Na5 18. Rfe1 Rc4 19.
Nd4 Nb3 20. Rad1 Rfc8 21. h4 Nxd4 22. Rxd4 Rxd4 23. cxd4 h6 {White have got
nothing from the opening, he even has to cope with some problems.} 24. Re3 Rc1+
25. Kh2 Rc2 26. Rg3 Qf8 27. f4 Rc4 {Quite careful, the alternative 27...Rb2
have enabled 28.Rc3! with a control of c file and in connection with eventual
f5 white would have full compensation.} 28. Qd1 Qe7 29. Kh3 f5 30. Qd2 Qc7 31.
Rc3 Rxc3+ 32. Qxc3 Qxc3+ 33. bxc3 {7-7 P, blockierte P, schwarzer Plan:
Durchbruch am Q-Flügel} h5 {It was necessary to prevent h5 and g4.} 34. Kg3 Kf7
35. Kf3 Ke7 36. Ke3 Kd7 37. Kd3 b5 $6 (37... Kc6 $5 {Gewinn!? Analysehilfen:}
38. c4 (38. a4 b5 39. a5 Kb7 40. Kc2 Ka6 41. Kb2 Kxa5 42. Kb3 Kb6 43. Kb4 a5+
44. Kb3 a4+ 45. Kb4 Ka6 46. Ka3 Ka5 47. Kb2 b4 48. c4 dxc4 49. d5 Kb6 50. d6
Kc6 51. Kb1 b3 52. Kb2 Kd7 $19 {Zugzwang}) (38. Kc2 Kb5 39. Kb3 a6 40. c4+ (40.
a4+ Kc6 41. Kb4 (41. c4 dxc4+ 42. Kxc4 b5+ 43. axb5+ axb5+ 44. Kb4 Kb6 $10 (
44... g6 $2 45. Ka5 Kd5 46. Kxb5 Kxd4 47. Kc6 Ke4 48. Kd6 Kxf4 49. Kxe6 Kg3 50.
Kf6 Kxg2 51. e6 f4 52. e7 f3 53. e8=Q f2 54. Qe2 $18)) 41... a5+ 42. Kb3 b5 $19
) 40... dxc4+ 41. Kc3 Kc6 42. Kxc4 b5+ 43. Kb4 Kb6 44. d5 exd5 45. Kc3 Kc5 46.
Kb3 a5 47. Kc3 d4+ 48. Kb3 a4+ 49. Kc2 Kd5 50. Kb2 b4 51. axb4 d3 $19) 38...
dxc4+ 39. Kxc4 b5+ 40. Kb4 Kb6 41. d5 a5+ 42. Kc3 exd5 43. Kd4 Kc6 44. Kc3 Kc5
45. Kb3 a4+ 46. Kc3 d4+ 47. Kd3 Kd5 48. Kc2 b4 49. axb4 a3 50. Kb3 d3 $19) 38.
Kc2 Kc6 39. Kb3 Kb7 40. Ka2 Kb6 41. Kb2 Ka5 42. Kb3 a6 43. Kb2 (43. Kb2 Ka4 44.
Ka2 a5 45. Kb2 b4 46. axb4 axb4 47. c4 dxc4 48. d5 c3+ 49. Kc2 Kb5 $10 (49...
exd5 $2 50. e6 b3+ 51. Kxc3 Ka3 52. e7 b2 53. e8=Q b1=Q 54. Qa8#)) 1/2-1/2

[Event "POL-ch 53rd"]
[Site "Brzeg Dolny"]
[Date "1996.??.??"]
[Round "10"]
[White "Grabarczyk, Bogdan"]
[Black "Matlak, Marek"]
[Result "1-0"]
[WhiteElo "2420"]
[BlackElo "2450"]
[Annotator "Hecht,H"]
[PlyCount "77"]
[EventDate "1996.03.09"]
[EventType "tourn"]
[EventRounds "15"]
[EventCountry "POL"]
[EventCategory "9"]
[SourceTitle "CBM 053"]
[Source "ChessBase"]
[SourceDate "1996.08.01"]
[SourceVersion "1"]
[SourceVersionDate "1996.08.01"]
[SourceQuality "1"]

1. e4 e6 2. d4 d5 3. Nc3 Bb4 4. e5 c5 5. Qg4 g6 6. dxc5 Nc6 7. Bd2 Bxc5 8. Nf3
a6 9. O-O-O Bd7 10. Be3 Bxe3+ 11. fxe3 Qc7 12. Qf4 f6 13. Nxd5 exd5 14. e6
O-O-O 15. exd7+ Rxd7 16. g3 f5 17. Nd4 Nf6 18. Rd3 Ne4 19. Nxc6 Qxc6 20. Bg2
Qc7 21. Rhd1 Rhd8 22. Bxe4 dxe4 23. Qxc7+ Kxc7 24. Rxd7+ Rxd7 25. Rxd7+ Kxd7 {
[#] B-B komplexes Bauernendspiel mit verteilten Bauernmehrheiten auf den
Flügeln; Tempospiel, Zugzwang, entfernter Freibauer. verbesserungsbedürftige
Verteidigung - Analyse!} 26. c4 Kd6 27. b4 a5 28. a3 axb4 29. axb4 g5 30. h4 h6
31. Kd2 gxh4 32. gxh4 b6 33. h5 Ke6 34. Ke2 Ke5 35. Kf2 f4 $2 (35... Ke6 36.
Kg3 (36. c5 bxc5 37. bxc5 Kd5 38. Kg3 Ke5 (38... Kxc5 39. Kf4 Kc4 40. Kxf5 Kd3
41. Kf4 $18) 39. c6 f4+ 40. exf4+ Kd6 41. f5 Kxc6 42. Kf4 Kd5 $10) 36... Ke5
37. c5 bxc5 38. bxc5 Kd5 $2 (38... f4+ $1 39. exf4+ Kd5 40. f5 Kxc5 41. Kf4 Kd4
(41... Kd5 $1 $10) 42. f6 e3 $10) 39. Kf4 Kxc5 40. Kxf5 Kd5 41. Kf4 Kd6 42.
Kxe4 Ke6 43. Kf4 Kf6 44. e4 Ke6 45. e5 Ke7 46. Kf5 Kf7 47. e6+ Ke7 48. Ke5 Ke8
49. Kf6 Kf8 50. Kg6 Ke7 51. Kxh6 Kxe6 52. Kg7 $18) (35... Kd6 36. Kg2 Ke6 {
siehe vor}) 36. exf4+ Kd4 (36... Kxf4 37. b5 Ke5 38. Ke3 {Zugzwang} Kf5 39. c5
bxc5 40. b6 $18) 37. f5 Ke5 38. b5 Kxf5 39. c5 1-0

[Event "Reykjavik Olafsson"]
[Site "Reykjavik"]
[Date "1995.??.??"]
[Round "5"]
[White "Gligoric, Svetozar"]
[Black "Smyslov, Vassily V"]
[Result "1/2-1/2"]
[WhiteElo "2455"]
[BlackElo "2565"]
[Annotator "King,D"]
[PlyCount "40"]
[EventDate "1995.09.??"]
[EventType "tourn"]
[EventRounds "11"]
[EventCountry "ISL"]
[EventCategory "11"]
[SourceTitle "CBM 049"]
[Source "ChessBase"]
[SourceDate "1995.12.01"]
[SourceVersion "1"]
[SourceVersionDate "1995.12.01"]
[SourceQuality "1"]

1. d4 e6 2. e4 d5 3. Nc3 Bb4 4. e5 Ne7 5. Nf3 c5 6. a3 Ba5 7. dxc5 Bxc3+ 8.
bxc3 Qa5 9. Bd3 Nd7 10. O-O Nxc5 11. Be3 Nc6 12. Re1 Nxd3 13. Qxd3 b6 14. Bd2
Ba6 15. Qe3 Qa4 16. Nd4 O-O 17. Nxc6 Qxc6 18. Qg3 f5 19. exf6 Rxf6 20. Re5 Rg6
(20... Rg6 21. Rg5 {If White doesn't play this then Black could develop
uncomfortable pressure against g2 by sacrificing a pawn to open the long
diagonal.} Rxg5 22. Bxg5 Rf8 {Black has the advantage due to his better pawn
structure.}) 1/2-1/2

[Event "Athens Akropolis 15th"]
[Site "Athens"]
[Date "1992.05.21"]
[Round "7"]
[White "Santo Roman, Marc"]
[Black "Raicevic, Vladimir"]
[Result "1/2-1/2"]
[WhiteElo "2495"]
[BlackElo "2420"]
[Annotator "Knaak,R"]
[PlyCount "139"]
[EventDate "1992.05.14"]
[EventType "tourn"]
[EventRounds "9"]
[EventCountry "GRE"]
[EventCategory "8"]
[SourceTitle "CBM 030"]
[Source "ChessBase"]
[SourceDate "1992.10.01"]
[SourceVersion "1"]
[SourceVersionDate "1992.10.01"]
[SourceQuality "1"]

1. e4 e6 2. d4 d5 3. Nc3 Bb4 4. e5 c5 5. Bd2 Ne7 6. f4 $6 Nf5 $1 7. Nb5 a6 8.
Bxb4 cxb4 9. Nd6+ Nxd6 10. exd6 Qxd6 $17 11. Qg4 O-O 12. Qh4 Qd8 13. Qg3 Nd7
14. Nf3 Nf6 15. Ne5 Ne4 16. Qe3 f6 17. Nf3 b6 18. Bd3 Bb7 19. O-O Qd6 20. Nd2
f5 21. Nf3 $15 a5 22. Ne5 Ba6 $6 23. Qe2 Bb7 24. Kh1 Qe7 $6 25. Rf3 Rf6 26. Rh3
Raf8 27. Bb5 $44 Bc8 28. Rg1 Kh8 $6 29. g4 fxg4 30. Rxg4 Kg8 31. Rgh4 h6 32.
Qg2 Kh7 33. Bd3 Qe8 34. Qg5 $6 (34. Rg4 $5) 34... Ba6 35. Bxe4+ dxe4 36. Ng4
Rg6 37. Rxh6+ gxh6 38. Rxh6+ Kg7 $4 (38... Rxh6 39. Qxh6+ Kg8 40. Qg5+ Kh8 $10)
39. Qe5+ Rff6 (39... Kf7 40. Rh7+ Kg8 41. Qh8#) 40. Nxf6 Qb5 41. Ng4+ $4 (41.
Rh7+ Kf8 42. Qd6#) 41... Qxe5 42. Rxg6+ Kxg6 43. fxe5 Kf5 44. Nf6 Bd3 45. c3
bxc3 46. bxc3 Kf4 47. Kg2 Ke3 48. Ng4+ Kf4 49. h3 e3 50. Nf6 Bf5 51. Kf1 b5 52.
h4 b4 53. cxb4 axb4 54. h5 Kg5 55. Ke2 Bb1 56. Kxe3 Bxa2 57. Kd3 Bb3 58. Kd2
Bc4 59. Kc2 Kh6 60. Kb2 Kg5 61. Kc2 Kh6 62. Nd7 Bd5 63. Nb6 Bf3 64. Kb3 Kxh5
65. Kxb4 Kg5 66. Kc5 Kf4 67. Nd7 Bg4 68. Nf8 Ke4 69. Nh7 Ke3 70. Ng5 1/2-1/2

[Event "Leon"]
[Site "Leon"]
[Date "1994.??.??"]
[Round "3"]
[White "Leko, Peter"]
[Black "De la Villa Garcia, Jesus Maria"]
[Result "1/2-1/2"]
[WhiteElo "2545"]
[BlackElo "2470"]
[Annotator "Knaak,R"]
[PlyCount "62"]
[EventDate "1994.05.??"]
[EventType "tourn"]
[EventRounds "9"]
[EventCountry "ESP"]
[EventCategory "12"]
[SourceTitle "CBM 042"]
[Source "ChessBase"]
[SourceDate "1994.10.01"]
[SourceVersion "1"]
[SourceVersionDate "1994.10.01"]
[SourceQuality "1"]

1. e4 e6 2. d4 d5 3. Nc3 Bb4 4. e5 c5 5. Bd2 Nh6 $5 6. Nb5 (6. a3 Bxc3 7. bxc3
Nc6 8. Nf3 Nf5 9. Bd3 Qc7 10. O-O $6 c4 11. Be2 Bd7 12. Ne1 O-O-O 13. g3 f6 14.
f4 Rdf8 15. Ng2 h6 $15 {Lobron,E-Hug,W/Beersheba zt/1985/0,5 (50)}) 6... Bxd2+
7. Qxd2 O-O 8. f4 Nc6 (8... a6 $5 9. Nd6 cxd4 10. Nf3 Nc6 11. Bd3 f6 $15 {
De la Villa Garcia}) 9. Nf3 f6 10. c3 Bd7 (10... fxe5 11. dxe5 Nf7 12. O-O-O a6
13. Na3 b5 14. Nc2 Qb6 15. h4 b4 $36 {Magem Badals,J-Romero Holmes,A/Terrassa/
1990/0,5 (41)}) 11. Nd6 cxd4 12. cxd4 Qb6 (12... fxe5 13. fxe5 Rxf3 14. gxf3
Qh4+ 15. Qf2 Nxd4 16. Qxh4 Nxf3+ 17. Kd1 Nxh4 $13 {De la Villa Garcia}) 13.
O-O-O fxe5 14. fxe5 Be8 (14... a5 $5) 15. Nxe8 Raxe8 16. Kb1 Rc8 17. Be2 Nf5 $6
18. g4 Nfe7 19. Ng5 Rf2 20. Qe3 (20. Nxe6 $6 Nxe5 $17) (20. Rhf1 Rxf1 21. Bxf1
h6 22. Nxe6 Nxe5 23. dxe5 Qxe6 $13) 20... Rcf8 21. Nxe6 R8f3 22. Qxf3 (22. Qg5
Kf7 $1 23. Rd2 Rxe2 24. Qxg7+ Kxe6 25. Rxe2 Qxd4 26. Qxh7 Qxg4 $15) 22... Rxf3
23. Bxf3 Na5 (23... Nxe5 24. dxe5 Qxe6 $16) 24. Nc5 Nc4 25. b3 Qb4 26. Be2 Nd2+
(26... Na3+ 27. Kb2 Nc6 28. Ne6 $16) 27. Kc2 Qxd4 28. Rxd2 $2 (28. b4 $1 Qxb4 (
28... Nc6 29. a3 a5 (29... b6 30. Rxd2 Qe3 31. Ne6 (31. Nd3 Nd4+ 32. Kd1 Nxe2 (
32... Nf3 33. Rc2 Nd4 34. Rc8+ Kf7 35. Rf1+ Ke7 36. Nf4 Qxa3 37. Nxd5+ Ke6 38.
Bc4 $18) 33. Re1 Nc3+ 34. Kc2 Qd4 35. Nb2 $18) 31... Qe4+ (31... Qxe5 32. Bf3
$18) 32. Bd3 Qxh1 33. Rf2 Nd4+ $8 34. Nxd4 Qa1 35. Rd2 $1 $16) (29... Qxe5 30.
Rxd2 Nd4+ 31. Rxd4 Qxd4 32. Rf1 $18) 30. Rxd2 Qe3 31. Rf1 axb4 (31... Nd4+ 32.
Kd1) 32. Nd7 g5 33. axb4 Nxb4+ 34. Kd1 Qb3+ 35. Ke1 $18) 29. Nd3 Qa5 30. Rxd2
Qxa2+ 31. Nb2 $16) 28... Qxc5+ 29. Kb1 Qe3 $10 30. Rhd1 Qxe5 31. Bf3 Qf4
1/2-1/2

[Event "GER-ARM"]
[Site "Baden-Baden"]
[Date "1996.??.??"]
[Round "1"]
[White "Minasian, Artashes"]
[Black "Hertneck, Gerald"]
[Result "1-0"]
[WhiteElo "2540"]
[BlackElo "2565"]
[Annotator "Knaak,R"]
[PlyCount "47"]
[EventDate "1996.07.31"]
[EventType "match"]
[EventRounds "4"]
[EventCountry "GER"]
[SourceTitle "CBM 055"]
[Source "ChessBase"]
[SourceDate "1996.12.01"]
[SourceVersion "1"]
[SourceVersionDate "1996.12.01"]
[SourceQuality "1"]
[WhiteTeam "Armenia"]
[BlackTeam "Germany"]
[WhiteTeamCountry "ARM"]
[BlackTeamCountry "GER"]

1. e4 e6 2. d4 d5 3. Nc3 Bb4 4. e5 c5 5. Bd2 Nh6 6. Nf3 Nc6 7. Bd3 cxd4 (7...
Nxd4 8. Nxd4 cxd4 9. Nb5 Bxd2+ 10. Qxd2 O-O {/\ f6=}) 8. Nb5 Bxd2+ 9. Qxd2 O-O
10. O-O f6 11. exf6 Qxf6 $6 (11... Rxf6 $13) 12. Ng5 $1 Nf5 13. Nc7 $1 Rb8 14.
Rae1 e5 $6 (14... Ne5 $2 15. Bxf5 Qxf5 16. f4 $18) (14... Nd8 $5 15. Qf4 h6 16.
Nf3 (16. Nxd5 $2 exd5 17. Qxb8 Nc6) 16... Nc6 17. Bxf5 Qxf5 18. Qxf5 Rxf5 (
18... exf5 19. Rd1 $16) 19. Nxe6 Bxe6 20. Rxe6 $14) 15. Nxd5 {+/-/+-} Qd8 16.
Nb4 $140 Qa5 17. c3 Kh8 18. Qe2 dxc3 $2 {Ignores the threat, but it was
difficult any way.} 19. Nxc6 bxc6 20. Nxh7 $18 Rd8 (20... Kxh7 21. Qh5+ Kg8 22.
Bc4+ $18) 21. Qh5 Nh6 22. Nf6 Ba6 23. Bxa6 Qxa6 24. Qg6 (24. Qg6 gxf6 25. Qxh6+
Kg8 26. Qg6+ Kf8 27. Qxf6+ Kg8 28. Rxe5) 1-0

[Event "POL"]
[Site "Poland"]
[Date "1995.??.??"]
[Round "?"]
[White "Votava, Jan"]
[Black "Matlak, Marek"]
[Result "0-1"]
[WhiteElo "2440"]
[BlackElo "2435"]
[Annotator "Konikowski,J"]
[PlyCount "48"]
[EventDate "1995.??.??"]
[EventType "game"]
[EventRounds "1"]
[EventCountry "POL"]
[SourceTitle "CBM 050"]
[Source "ChessBase"]
[SourceDate "1996.02.01"]
[SourceVersion "1"]
[SourceVersionDate "1996.02.01"]
[SourceQuality "1"]

1. e4 e6 2. d4 d5 3. Nc3 Bb4 4. e5 c5 5. Bd2 Ne7 6. dxc5 Nbc6 7. Qg4 O-O 8.
O-O-O b6 $5 (8... Bxc5 9. Nf3 Ng6 10. Qh5 Bd7 11. Bd3 Nb4 12. Bg5 Be7 13. h4
Rc8 $132 {Pinkas,K-Matlak,M/Katowice/1995/}) 9. cxb6 (9. Bb5 Bxc3 10. Bxc3 bxc5
11. Nf3 d4 12. Bd2 Qd5 13. c4 (13. Bxc6 $5 Qxc6 14. Ng5) 13... Nxe5 14. Nxe5 $2
(14. Qxg7+ $1 Kxg7 15. cxd5 Nxf3 16. gxf3 Nxd5 17. Rhg1+ Kf6 (17... Kh8 $4 18.
Bh6 Rg8 19. Rxg8+ Kxg8 20. Rg1+ Kh8 21. Bc6 Rb8 22. Bg7+ Kg8 23. Be5+ $18) 18.
Bh6 Bb7 19. Bg7+ Ke7 20. Bxf8+ $16) 14... Qxe5 15. Qf4 Ng6 $19 {Pinkas,K-Blees/
Frydek-Mistek/1995/}) 9... Qxb6 10. a3 Ba5 11. b4 Nxb4 12. axb4 $2 (12. Be3
$142 Qc6 13. axb4 Qxc3 14. bxa5 Qa3+ 15. Kd2 Qxa5+ 16. c3 (16. Ke2 Ba6+ 17. Kf3
f5 18. Qg5 Nc6 $36) 16... Rb8 17. Bd3 Rb2+ 18. Bc2 Nf5 19. Bd4 Qa4 20. Rc1 Ba6
$13) 12... Bxb4 13. Nb1 Bc5 14. Qa4 Rb8 15. Qb3 Qc7 16. Qa2 Qxe5 17. Nf3 Qc7
18. Be3 Bxe3+ 19. fxe3 e5 20. Kd2 Bf5 21. Rc1 d4 22. Bc4 dxe3+ 23. Kxe3 Qc5+
24. Kd2 e4 (24... e4 25. Ne1 Qf2+ 26. Kc3 Rfc8 $19) 0-1

[Event "EU-ch (Women) 12th"]
[Site "Tbilisi"]
[Date "2011.05.10"]
[Round "4"]
[White "Zawadzka, Jolanta"]
[Black "Lagno, Kateryna"]
[Result "1/2-1/2"]
[WhiteElo "2400"]
[BlackElo "2530"]
[Annotator "Mikhalchishin,A"]
[PlyCount "143"]
[EventDate "2011.05.07"]
[EventType "swiss"]
[EventRounds "11"]
[EventCountry "GEO"]
[SourceTitle "CBM 142 Extra"]
[Source "ChessBase"]
[SourceDate "2011.06.27"]
[SourceVersion "1"]
[SourceVersionDate "2011.06.27"]
[SourceQuality "1"]

1. e4 e6 2. d4 d5 3. Nc3 Bb4 4. e5 c5 5. Bd2 {This move was fa avourite of
some top GMs, even Bobby Fischer tried it! The idea is simple - to avoid
doubled pawns on c2/c3 after Bb4xc3.} Ne7 6. Nb5 Bxd2+ 7. Qxd2 O-O 8. f4 ({
Protecting the central square with} 8. c3 {is weaker.}) 8... f6 9. Nf3 Nbc6 10.
exf6 Rxf6 11. dxc5 b6 {A typical pawn sacrifice, but here Black has no special
compensation.} 12. cxb6 Qxb6 13. O-O-O Rb8 14. b3 $1 ({Another defence by} 14.
c3 a6 15. Nbd4 Rxf4 $1 {was wrong.}) 14... Qc5 15. Nbd4 a5 16. Kb1 a4 17. g3 $1
$146 (17. Bd3 h6 18. Rhe1 Kh8 19. Nxc6 Nxc6 20. Ne5 Nxe5 21. fxe5 Rf2 22. Qe3
Qxe3 23. Rxe3 Rxg2 24. Rf1 Bb7 25. Ref3 Kg8 26. Rf7 a3 27. Kc1 Bc6 28. R1f2
Rxf2 29. Rxf2 Bb5 30. Bg6 Be8 31. Bd3 Bb5 32. Kd2 Bxd3 33. Kxd3 Rb4 34. c4
dxc4+ 35. bxc4 h5 36. c5 Rb5 37. c6 Rxe5 38. c7 {1-0 Mastrovasilis,D (2572)
-Rajlich,I (2404)/Warsaw POL 2008/The Week in Chess 737}) 17... Nxd4 ({After} 
17... Bd7 18. Bh3 {White has a clear object for attack - the pawn on e6.}) 18.
Nxd4 Nc6 19. Nxc6 Qxc6 20. Bh3 ({There was the more solid and defensive} 20.
Bd3) 20... Bb7 21. Rhe1 Rc8 22. Re2 ({Stopping the counterplay on the
queenside with} 22. b4 {was very strong.}) 22... axb3 23. cxb3 {Such captures
are generally better than with the other pawn. The c-file can be used for
exchanges.} Ba6 24. Ree1 (24. Re5 {was more aggressive.}) 24... Rd8 25. Qe3 ({
It's better to stop the passed pawn forever with} 25. Qd4) 25... Rd6 26. g4 $1
Rf8 27. g5 Re8 28. Qe5 $2 ({Once more - the ideal place for the queen on d4
and for rooks - on e5!} 28. Qd4) 28... d4 $1 29. Rxd4 {This is an exchange
sacrifice - White can allow it, she is still better.} ({A more complicated
line would be more dangerous:} 29. Rd2 Qb6 30. Rc1 d3 31. f5 Rd5 32. Qe4 Rc5
33. Rxc5 Qxc5 34. f6) 29... Bd3+ 30. Rxd3 Rxd3 31. Bxe6+ Kh8 32. f5 Rd2 33. Rc1
Qa6 34. a4 Qd3+ 35. Ka1 Rd1 36. Rxd1 Qxd1+ 37. Ka2 Qd2+ 38. Qb2 ({Possible was
} 38. Ka3 Qc1+ 39. Qb2 Qxg5 40. Qc3) 38... Qxg5 39. Ka3 Rd8 ({It was possible
to stop the b-pawn by} 39... Qe3) 40. Qc3 Qf4 41. h3 h5 42. a5 h4 43. Qc4 Qg3
44. Qb4 Rb8 45. Qe4 Re8 46. Qc6 Rb8 47. Qe4 Re8 48. Qe2 g6 49. Qb2+ (49. Qd2
$18) 49... Kh7 50. Qd4 ({The rule is - get closer to the opponent's queen:} 50.
Qf6) 50... Qg5 51. fxg6+ ({The correct idea was} 51. a6 Qc1+ 52. Ka2 Qc2+ 53.
Qb2 Qc6 54. fxg6+ Kxg6 55. Bc4 $16) 51... Kxg6 $2 (51... Kh6 $1 {was a very
good drawing chance.}) 52. Qg4 Qxg4 53. Bxg4 Kf6 {This ending promises White
real chances for a win.} 54. a6 Ra8 55. Be2 Ke5 56. Ka4 Kd6 57. Ka5 Re8 58. Bb5
$2 (58. Bf3 {was immediately winning.}) 58... Rf8 59. Be2 $6 (59. b4 Kc7 60.
Ba4 Kb8 61. b5 Rf5 62. Bc2 Rc5 63. Be4 Ka7 {and the pawns are blocked.}) 59...
Kc7 60. b4 Rf2 61. Bc4 Rf3 62. Be6 Ra3+ 63. Kb5 Re3 64. Bd5 Ra3 65. Be4 Ra1 66.
Bb7 Ra3 67. Bd5 Ra1 68. Bc4 Ra3 69. Be6 Re3 70. Bd5 Ra3 71. Be6 Re3 72. Bd5
1/2-1/2

[Event "URS U26-ch"]
[Site "Vilnius"]
[Date "1978.??.??"]
[Round "12"]
[White "Machulsky, Anatoly D"]
[Black "Vladimirov, Yevgeniy"]
[Result "0-1"]
[WhiteElo "2390"]
[BlackElo "2445"]
[Annotator "Moiseev,V"]
[PlyCount "70"]
[EventDate "1978.??.??"]
[EventType "tourn"]
[EventRounds "15"]
[EventCountry "URS"]
[EventCategory "7"]
[SourceTitle "MCL"]
[Source "ChessBase"]
[SourceDate "1999.07.01"]
[SourceVersion "1"]
[SourceVersionDate "1999.07.01"]
[SourceQuality "1"]

1. e4 e6 2. d4 d5 3. Nc3 Bb4 4. e5 c5 5. Bd2 Ne7 6. Nb5 (6. a3 Bxc3 7. Bxc3
Nbc6 8. Nf3 cxd4 9. Nxd4 Nxe5 10. Nxe6 Bxe6 11. Bxe5 O-O 12. Bd3 Nc6 13. Bg3 (
13. Bc3 $6 d4 14. Bd2 Ne5 15. Bxh7+ $2 Kxh7 16. Qh5+ Kg8 17. Qxe5 Re8 $19 {
Ljubojevic,L-Nogueiras,J/Wijk aan Zee/1987/0:1/36/}) 13... Qf6 14. Rb1 Rac8 15.
O-O Ne5 $5 16. Bxh7+ Kxh7 17. Qh5+ Kg8 18. Bxe5 Qf5 19. Qxf5 Bxf5 20. Rbd1 Bxc2
21. Rxd5 Rfd8 $14 {Spassky,B-Vladimirov,E/Solingen-CSKA/1/2-1/2/}) (6. f4 $5
Nf5 7. Nf3 cxd4 8. Nb5 Bc5 9. b4 Be7 10. Nbxd4 Nxd4 11. Nxd4 Nc6 12. Nxc6 bxc6
13. Rb1 O-O 14. Bd3 c5 15. bxc5 Bxc5 16. h4 Bd7 17. Qh5 g6 $13 {Wahls,
M-Dokhoian,Y/BL/1992/1/2-1/2/17}) 6... Bxd2+ 7. Qxd2 O-O 8. dxc5 Nbc6 (8... Nd7
9. f4 (9. Qc3 $146 Nc6 10. Nf3 b6 11. cxb6 Qxb6 $44 {Speelman,J-Bareev,E/
Linares/1992/1/2-1/2/37/}) 9... Nxc5 10. Nd4 Qb6 $10 11. O-O-O Bd7 12. Ngf3
Rfc8 {Karpov,An-Nogueiras,J/Rotterdam/1989/1:0/41/}) 9. Nf3 (9. f4 b6 10. cxb6
Qxb6 11. O-O-O Rb8 12. c3 Ba6 13. Na3 Bxf1 14. Rxf1 d4 $40 {Panchapagesan,
A-Short,P/Dublin/1991/0:1/ (21)}) 9... b6 $5 10. Qc3 $6 $146 (10. cxb6 Qxb6 11.
O-O-O Rb8 12. b3 Qc5 13. Nbd4 a5 14. Kb1 a4 15. Bd3 h6 $44 {Spassky,
B-Bronstein,D/URS/1957/}) 10... Rb8 $1 11. cxb6 $6 (11. Bd3 bxc5 (11... a6 $6
12. Nbd4 Nxd4 13. Nxd4 Qc7 (13... bxc5 14. Qxc5 Rxb2 15. Nb3 $5) 14. Nb3) 12.
Qxc5 (12. Bxh7+ $2 Kxh7 13. Ng5+ Kg6 14. Qg3 Nf5 $19) 12... Qa5+ 13. c3 a6 14.
b4 Rxb5 $1 15. Qxc6 Nxc6 16. bxa5 Rxa5 17. Kd2 f6 $15) 11... Qxb6 12. Bd3 f6
$15 13. O-O $6 (13. exf6 Rxf6 14. O-O a6 (14... Rxf3 $5 15. gxf3) 15. Nbd4 Qxb2
16. Qxb2 Rxb2 17. Rfe1 $15) 13... a6 14. Na3 (14. Nbd4 Nxe5 $17) 14... Qxb2 15.
Qxb2 Rxb2 16. exf6 Rxf6 17. Rfb1 Rxb1+ 18. Rxb1 e5 19. Nd2 Rf4 $1 $17 20. Rb3
Ra4 21. Ndb1 (21. f3 Nb4 $19) 21... Kf7 22. f3 Bf5 23. Bxf5 Nxf5 24. Kf2 Ke6
25. Ke1 Kd6 26. Kd2 $2 (26. c3 $17) 26... Nh4 $1 27. g3 $8 Nd4 $1 $19 28. gxh4
Nxb3+ 29. axb3 Rxh4 30. Ke3 Rxh2 31. Nd2 h5 32. c4 h4 33. cxd5 Kxd5 34. Nac4 h3
35. f4 Rxd2 0-1

[Event "Interzonal-10b"]
[Site "Manila"]
[Date "1976.06.13"]
[Round "1"]
[White "Spassky, Boris Vasilievich"]
[Black "Uhlmann, Wolfgang"]
[Result "1-0"]
[WhiteElo "2630"]
[BlackElo "2555"]
[Annotator "Myers,D"]
[PlyCount "101"]
[EventDate "1976.06.13"]
[EventType "tourn"]
[EventRounds "19"]
[EventCountry "PHI"]
[EventCategory "12"]
[SourceTitle "IZT"]
[Source "ChessBase"]
[SourceDate "1999.07.01"]
[SourceVersion "1"]
[SourceVersionDate "1999.07.01"]
[SourceQuality "1"]

1. e4 e6 2. d4 d5 3. Nc3 Bb4 4. e5 Ne7 5. Qg4 c5 6. Nf3 cxd4 $1 (6... Nf5 7. a3
Bxc3+ 8. bxc3 Nc6 9. Bd3 $16) 7. Nxd4 Qc7 $5 (7... Nbc6 $142 8. Nxc6 Bxc3+ 9.
bxc3 bxc6 10. Qxg7 Rg8 11. Qxh7 Qa5 12. Bd2 Ba6 13. Bxa6 Qxa6 14. Qd3 Qxd3 15.
cxd3 Rxg2 16. Rb1 $14 {Samkov-Lukov Sofia 1976}) (7... O-O) 8. Bb5+ $1 (8. Qg3
a6 9. a3 Bxc3+ 10. bxc3 Nd7 11. f4 O-O 12. Bd2 Nf5 13. Nxf5 exf5 14. Qf3 $16 {
(Fine 48)} Nc5 15. c4 $1 {Steiner-Koshnitzky New South Wales 1941}) 8... Nbc6 (
8... Nd7 $1) (8... Bd7 9. O-O $1) 9. O-O Bxc3 $6 (9... O-O 10. Nxc6 (10. Bxc6
Bxc3 11. bxc3 (11. Bxb7 Bxd4 12. Bxa8 Bxe5 $17) 11... Nxc6 12. Nxc6 bxc6 $10)
10... Nxc6 11. Bxc6 Bxc3 12. bxc3 (12. Bxb7 Bxe5 $1 13. Bxa8 Ba6 $17) 12...
bxc6 13. Qg3 (13. Bh6 f5 $1) 13... Ba6 {Suetin}) 10. bxc3 Bd7 (10... O-O) 11.
Bxc6 $1 bxc6 12. Ba3 $1 Qxe5 $10 (12... c5 13. Nf3 $1) 13. Rfe1 h5 14. Qf3 $16
Qc7 15. c4 $1 Rb8 (15... dxc4 $2 16. Nb5 $1) 16. cxd5 cxd5 17. Bxe7 Kxe7 18.
Nf5+ $1 $40 Kd8 $1 (18... Kf8 $2 19. Qa3+ Kg8 20. Ne7+ Kh7 21. Qf3 $18 {Flesch}
) 19. Nxg7 Ke7 20. Nxh5 Rh6 21. Nf4 Bc6 22. Qg3 Kd7 23. c4 $1 dxc4 24. Red1+ (
24. Rad1+ Bd5 (24... Kc8 25. Qg7 Qxf4 26. Qf8+ Kb7 (26... Kc7 27. Qe7+ Kb6 28.
Rb1+ Bb5 29. g3 $18) 27. Rb1+ Ka8 28. Rxb8+ Qxb8 29. Qxh6 $18) 25. Qg5 $1 Rbh8
26. Rxd5+ exd5 27. Re7+ $18 {Flesch}) 24... Bd5 25. Nxd5 Qxg3 26. Nf4+ Qd3 27.
Nxd3 cxd3 28. Rxd3+ Ke7 29. Rb3 Rhh8 30. Rab1 Rxb3 31. Rxb3 Rc8 32. Rb7+ Kf6
33. g3 a5 34. Rb5 a4 35. Rb4 a3 36. Rb3 Ra8 37. Kg2 Ke5 38. Re3+ Kd4 39. h4 e5
40. g4 Kd5 41. Kg3 f6 42. h5 Ra4 43. Rf3 Ke6 44. h6 Kf7 45. g5 Kg6 46. gxf6 Ra8
47. f7 Rf8 48. Kg4 Kxh6 49. Rf6+ Kg7 50. Kf5 e4 51. Rg6+ 1-0